Normas de seguridad aplicables al personal de los organismos de Radiodifusión y Televisión / (Record no. 116894)

MARC details
000 -LEADER
campo de control de longitud fija 00635nam a2200181 4500
001 - NÚMERO DE CONTROL
campo de control 116894
003 - IDENTIFICADOR DE NÚMERO DE CONTROL
campo de control ES-MaACL
005 - FECHA Y HORA DE LA ÚLTIMA TRANSACCIÓN
campo de control 20230906190804.0
007 - CAMPO FIJO DE DESCRIPCIÓN FÍSICA--INFORMACIÓN GENERAL
campo de control de longitud fija t|
008 - DATOS DE LONGITUD FIJA--INFORMACIÓN GENERAL
campo de control de longitud fija 070227s1968 sp r ||||1| spa d
100 1# - ENTRADA PRINCIPAL--NOMBRE DE PERSONA
Nombre de persona Pawley, E. L. E.
9 (RLIN) 89695
245 10 - MENCIÓN DEL TÍTULO
Título Normas de seguridad aplicables al personal de los organismos de Radiodifusión y Televisión /
Mención de responsabilidad, etc. E. L. E. Pawley ; traducción de J. Manuel Romero Canela.
260 ## - PUBLICACIÓN, DISTRIBUCIÓN, ETC.
Lugar de publicación, distribución, etc. Madrid :
Nombre del editor, distribuidor, etc. Televisión Española,
Fecha de publicación, distribución, etc. 1968.
300 ## - DESCRIPCIÓN FÍSICA
Extensión 140 p. ;
Dimensiones 20 cm.
700 1# - ENTRADA AGREGADA--NOMBRE PERSONAL
Nombre de persona Romero Canela, J. Manuel.
9 (RLIN) 99361
710 2# - ENTRADA AGREGADA--NOMBRE DE ENTIDAD CORPORATIVA
Nombre de entidad corporativa o nombre de jurisdicción como elemento de entrada Televisión Española.
9 (RLIN) 6933
852 ## - LOCALIZACIÓN
Ubicación ES-MaACL
Número de control de estantería C-36981
Sublocalización o colección R.68859
Holdings
Estatus retirado Estado de pérdida Estado de daño No para préstamo Biblioteca de origen Biblioteca actual Ubicación en estantería Fecha de adquisición Fuente de adquisición Total de préstamos Signatura topográfica completa Código de barras Visto por última vez Precio de reemplazo Tipo de ítem Koha
        Biblioteca del Ateneo de Madrid Biblioteca del Ateneo de Madrid Depósito 2 17/01/2008     C-36981 1121881 23/02/2023 23/02/2023 Libro impreso